000
00343nam a2200157Ia 4500
008
230605s2002 xx 000 0 und d
041
_a
eng
100
_a
Collins
245
_a
New Hotel
260
_b
Conran octopus
_c
2002
_c
2002
300
_a
224
365
_b
3704
_h
20
500
_a
1647
520
_a
Reference Copy
650
_a
F. P.
999
_c
418405
_d
418405